Россия между Америкой и Китаем

Bibliografische gegevens
Hoofdauteur: Лозанский Э. Д. Эдуард Дмитриевич
Samenvatting:Новая книга президента Американского университета в Москве посвящена одному из ключевых глобальных вопросов современной геостратегии по какому пути пойдет Россия, выстраивая свои отношения с набирающим экономическую и политическую мощь Китаем и с сегодняшним мировым лидером - Соединенными Штатами Америки. Содержательный и вдумчивый анализ этой проблемы будет интересен как специалистам, так и широкому кругу читателей, интересующихся современной мировой политикой.
Taal:Russisch
Gepubliceerd in: Москва, Международные отношения, 2007
Onderwerpen:
Formaat: Boek
KOHA link:https://koha.lib.tpu.ru/cgi-bin/koha/opac-detail.pl?biblionumber=135069

MARC

LEADER 00000nam0a2200000 4500
001 135069
005 20231101220527.0
010 |a 9785713313333 
035 |a (RuTPU)RU\TPU\book\146392 
090 |a 135069 
100 |a 20080407d2007 k y0rusy50 ca 
101 0 |a rus 
102 |a RU 
105 |a y z 001zy 
200 1 |a Россия между Америкой и Китаем  |f Э. Д. Лозанский 
210 |a Москва  |c Международные отношения  |d 2007 
215 |a 288 с. 
320 |a Библиогр.: с. 275-283. 
330 |a Новая книга президента Американского университета в Москве посвящена одному из ключевых глобальных вопросов современной геостратегии по какому пути пойдет Россия, выстраивая свои отношения с набирающим экономическую и политическую мощь Китаем и с сегодняшним мировым лидером - Соединенными Штатами Америки. Содержательный и вдумчивый анализ этой проблемы будет интересен как специалистам, так и широкому кругу читателей, интересующихся современной мировой политикой. 
606 1 |a Российско-Американские отношения  |x Внешняя политика  |z 21 в.  |2 stltpush  |3 (RuTPU)RU\TPU\subj\71823  |9 85561 
606 1 |a Внешняя политика России в отношении стран Азии  |2 stltpush  |3 (RuTPU)RU\TPU\subj\70347  |9 84660 
610 1 |a политика 
610 1 |a международные отношения 
610 1 |a внешняя политика 
610 1 |a Россия 
610 1 |a Китай 
610 1 |a США 
610 1 |a 20 век 
610 1 |a 21 век 
686 |a Ф4(2)9(7)  |v LBC/SL-A  |2 rubbk 
686 |a Ф4(2)9(5Кит)  |v LBC/SL-A  |2 rubbk 
700 1 |a Лозанский  |b Э. Д.  |g Эдуард Дмитриевич 
801 1 |a RU  |b 63413507  |c 20080407  |g PSBO 
801 2 |a RU  |b 63413507  |c 20140326  |g PSBO 
942 |c BK 
959 |a 39/20080403  |d 1  |e 195,10  |f ЧЗГЛ:1